| 000 -ლიდერი |
| ფიქსირებული სიგრძის საკონტროლო ველი |
01675nam a22002537a 4500 |
| 003 - საკონტროლო ნომრის იდენტიფიკატორი |
| საკონტროლო ველი |
Ge_BSU |
| 005 - ბოლო ოპერაციის თარიღი და დრო |
| საკონტროლო ველი |
20221221151205.0 |
| 008 - ფიქსირებული სიგრძის მონაცემთა ელემენტები - ზოგადი ინფორმაცია |
| ფიქსირებული სიგრძის საკონტროლო ველი |
201209s2020 ge ||||| |||| 00| 0 geo d |
| 041 ## - ენის კოდი |
| Language code of text/sound track or separate title |
geo |
| 080 ## - უნივერსალური ათობითი კლასიფიკაციის ინდექსი |
| Universal Decimal Classification number |
81'25 ხ-20 |
| 100 ## - მთავარი ჩანაწერი - პიროვნების სახელი |
| Personal name |
ხალვაში, ხათუნა |
| 9 (RLIN) |
5928 |
| 245 ## - ცნობა სათაურის შესახებ |
| Title |
კანცელარიზმების ფუნქციონირება და უნიფიცირებული საქმიანი დოკუმენტების თარგმანის თავისებურებები (ქართული და რუსული საქმიანი დოკუმენტების მიხედვით) / |
| Statement of responsibility, etc |
ხათუნა ხალვაში; სამეცნ. ხელმძღვ. მერაბ ახვლედიანი; ბსუ; ჰუმანიტარულ მეცნიერებათა ფაკულტეტი. |
| 264 ## - წარმოების, გამოცემის, დისტრიბუციის და სხვა ცნობები |
| გამოცემის, წარმოების, დისტრიბუციის... ადგილი |
ბათუმი, |
| გამოცემის, წარმოების, დისტრიბუციის... თარიღი |
2020. |
| 300 ## - ფიზიკური აღწერა |
| Extent |
150 გვ. |
| Other physical details |
ილ. |
| Dimensions |
30 სმ. |
| 504 ## - BIBLIOGRAPHY, ETC. NOTE |
| Bibliography, etc |
ბიბლიოგრ. გვ. 144-150 |
| 653 ## - INDEX TERM--UNCONTROLLED |
| Uncontrolled term |
ფილოლოგია |
| 653 ## - INDEX TERM--UNCONTROLLED |
| Uncontrolled term |
ლინგვისტიკა |
| 653 ## - INDEX TERM--UNCONTROLLED |
| Uncontrolled term |
საქმიანი დოკუმენტები |
| 653 ## - INDEX TERM--UNCONTROLLED |
| Uncontrolled term |
თარგმანის თავისებურებები |
| 653 ## - INDEX TERM--UNCONTROLLED |
| Uncontrolled term |
დისერტაცია |
| 700 ## - ADDED ENTRY--PERSONAL NAME |
| Personal name |
ახვლედიანი, მერაბ |
| Relator term |
მეცნიერ-ხელმძღვანელი |
| 9 (RLIN) |
9913 |
| 710 ## - ADDED ENTRY--CORPORATE NAME |
| Corporate name or jurisdiction name as entry element |
ბსუ |
| Subordinate unit |
ჰუმანიტარულ მეცნიერებათა ფაკულტეტი |
| 9 (RLIN) |
9914 |
| 942 ## - ADDED ENTRY ELEMENTS (KOHA) |
| Source of classification or shelving scheme |
|
| Koha item type |
დისერტაცია |